| 000 | 01440nam a2200349Ia 4500 | ||
|---|---|---|---|
| 001 | ebr10071291 | ||
| 003 | CaPaEBR | ||
| 006 | m u | ||
| 007 | cr cn||||||||| | ||
| 008 | 021021s2002 enk sb 101 0 eng d | ||
| 015 | _aGBA2-V5900 | ||
| 020 | _z0719062330 | ||
| 040 |
_aCaPaEBR _cCaPaEBR |
||
| 035 | _a(OCoLC)191933311 | ||
| 050 | 1 | 4 |
_aUA832 _b.R435 2002eb |
| 082 | 0 | 4 |
_a355.033056 _221 |
| 245 | 0 | 0 |
_aRedefining security in the Middle East _h[electronic resource] / _cedited by Tami Amanda Jacoby & Brent E. Sasley. |
| 260 |
_aManchester : _bManchester University Press, _cc2002. |
||
| 300 | _axii, 176 p. | ||
| 490 | 1 | _aNew approaches to conflict analysis | |
| 500 | _aBased on a conference at McGill University 23-24 June 2000. | ||
| 504 | _aIncludes bibliographical references and index. | ||
| 533 |
_aElectronic reproduction. _bPalo Alto, Calif. : _cebrary, _d2009. _nAvailable via World Wide Web. _nAccess may be limited to ebrary affiliated libraries. |
||
| 650 | 0 |
_aNational security _zMiddle East _vCongresses. |
|
| 651 | 0 |
_aMiddle East _xPolitics and government _y1979- _vCongresses. |
|
| 655 | 7 |
_aElectronic books. _2local |
|
| 700 | 1 | _aJacoby, Tami Amanda. | |
| 700 | 1 | _aSasley, Brent E. | |
| 710 | 2 | _aebrary, Inc. | |
| 830 | 0 | _aNew approaches to conflict analysis. | |
| 856 | 4 | 0 |
_uhttp://site.ebrary.com/lib/rucke/Doc?id=10071291 _zAn electronic book accessible through the World Wide Web; click to view |
| 999 |
_c32172 _d32172 |
||